| 000 | 01165cam a22003017a 4500 | ||
|---|---|---|---|
| 999 |
_c14942 _d14942 |
||
| 003 | EG-ScBUE | ||
| 005 | 20200122145346.0 | ||
| 008 | 110122s1994 ua f 000 0 bara d | ||
| 040 |
_aEG-ScBUE _bara _erda _cEG-ScBUE _dEG-ScBUE |
||
| 043 | _af-ua--- | ||
| 082 | 0 | 4 |
_a892.78509 _bع و ض _222 |
| 100 | 1 |
_aعوضين، أحمد السيد، _eمؤلف. _922131 |
|
| 245 | 1 | 0 |
_aفي عالم المازني / _cد. أحمد السيد عوضين |
| 264 | 1 |
_aالقاهرة : _bالهيئة العامة لقصور الثقافة، _c1994. |
|
| 300 |
_a217 صفحة ؛ _c15 سم. |
||
| 336 |
_2rdacontent _aنص _btxt |
||
| 337 |
_2rdamedia _aبدون وسيط _bn |
||
| 338 |
_2rdacarrier _aمجلد _bnc |
||
| 490 | 0 |
_aكتاب الثقافة الجديدة ؛ _v26 |
|
| 541 |
_aد. باسم أحمد ؛ _cإهداء ؛ |
||
| 590 | _aeman | ||
| 600 | 1 | 7 |
_aمازني، إبراهيم عبد القادر، _d1890-1949. _2BUEsh |
| 650 | 7 |
_aالأدب العربي _zمصر _xتاريخ ونقد. _2BUEsh _922133 |
|
| 650 | 7 |
_aالأدباء العرب _zمصر _vتراجم. _2BUEsh |
|
| 653 |
_bARALIT _cJanuary2020 |
||
| 655 | _vReading book | ||
| 942 |
_2ddc _cBB |
||